| 000 | 00620nam a22001697a 4500 | ||
|---|---|---|---|
| 999 |
_c61631 _d61631 |
||
| 005 | 20240403103543.0 | ||
| 008 | 240403s2019 tu ||||| |||| 00| 0 tur d | ||
| 020 | _a9786058272156x | ||
| 041 | _atur | ||
| 080 | _a811.512.161 Y-40 | ||
| 245 |
_aYedi İklim Türkçe : _b A1: Çalışma Kitabı / _c İbrahim Gültekin, Mahir Kalfa, İbrahim Atabey, Filiz Mete, Aydan Eryiğit, Uğur Kılıç. |
||
| 264 |
_aAnkara : _bYunus Emre Enstitüsü, _c2019. |
||
| 300 |
_a103 p.: _bil.; _c30 cm. |
||
| 653 | _aთურქული ენა | ||
| 653 | _aსამუშაო წიგნი | ||
| 942 |
_2udc _cᲬᲘᲒᲜᲘ |
||